Consideraciones sobre las diversas categorías de fuerzas / (Registro nro. 154817)

Detalles MARC
000 -LEADER
campo de control de longitud fija 01076nam a2200229 i 4500
001 - NÚMERO DE CONTROL
campo de control 154817
003 - IDENTIFICADOR DE NÚMERO DE CONTROL
campo de control ES-MaACL
005 - FECHA Y HORA DE LA ÚLTIMA TRANSACCIÓN
campo de control 20250808063533.0
008 - DATOS DE LONGITUD FIJA--INFORMACIÓN GENERAL
campo de control de longitud fija 990514s1886 sp |||| | spa d
040 ## - FUENTE DE CATALOGACIÓN
Centro catalogador/agencia de origen CCPB | B
Lengua de catalogación spa
Centro/agencia transcriptor CCPB | B
100 1# - ENTRADA PRINCIPAL--NOMBRE DE PERSONA
Nombre de persona Nieto y Serrano, Matías,
Fechas asociadas al nombre 1813-1902
9 (RLIN) 130482
245 10 - MENCIÓN DEL TÍTULO
Título Consideraciones sobre las diversas categorías de fuerzas /
Mención de responsabilidad, etc. por Matías Nieto Serrano.
260 ## - PUBLICACIÓN, DISTRIBUCIÓN, ETC.
Lugar de publicación, distribución, etc. Madrid :
Nombre del editor, distribuidor, etc. [s.n.],
Fecha de publicación, distribución, etc. 1886 (
Fabricante Imprenta de Enrique Teodoro)
300 ## - DESCRIPCIÓN FÍSICA
Extensión 46 p. ;
Dimensiones 17 cm.
510 4# - NOTA DE CITAS O REFERENCIAS BIBLIOGRÁFICAS
Nombre de la fuente Palau,
Localización dentro de la fuente t. XI, 191334
650 07 - PUNTO DE ACCESO ADICIONAL DE MATERIA--TÉRMINO DE MATERIA
Término de materia o nombre geográfico como elemento de entrada Física
Fuente del encabezamiento o término embne
9 (RLIN) 12877
852 ## - LOCALIZACIÓN
Ubicación ES-MaACL
Número de control de estantería T-478-F-16
condición física Falto de la cubierta original
itemnumber 160501
Ubicación en estantería Depósito folletos
Encuadernación Encuadernación holandesa.
-- Encuadernado con otras obras formando un volumen facticio
852 ## - LOCALIZACIÓN
Ubicación ES-MaACL
Número de control de estantería FOLL-Laf-588
itemnumber 160500
Ubicación en estantería Depósito folletos
Donativo/Legado Legado: M. de la Fuente
Marcas de propiedad Sello en tinta en portada: "Ateneo de Madrid. Legado M. de la Fuente"
-- Sello en tinta en portada: "Ateneo de Madrid. Biblioteca"
903 ## - NOMBRE PERSONAL DE DONANTE
9 69535
a Lafuente, Modesto,
q 1
d 1806-1866
e Donante
942 ## - ELEMENTOS DE ENTRADA SECUNDARIOS (KOHA)
Fuente del sistema de clasificación o colocación Clasificación decimal universal
Existencias
Estatus retirado Estado de pérdida Fuente del sistema de clasificación o colocación Estado de daño No para préstamo Colección Biblioteca de origen Biblioteca actual Ubicación en estantería Fecha de adquisición Fuente de adquisición Total de préstamos Signatura topográfica completa Código de barras Visto por última vez Precio de reemplazo Tipo de ítem Koha
    Clasificación decimal universal     Colección de folletos Biblioteca del Ateneo de Madrid Biblioteca del Ateneo de Madrid Depósito folletos 17/01/2008 Legado   FOLL-Laf-588 1161930 23/02/2023 23/02/2023 Folleto
          Colección de folletos Biblioteca del Ateneo de Madrid Biblioteca del Ateneo de Madrid Depósito folletos 17/01/2008     T-478-F-16 1161929 23/02/2023 23/02/2023 Folleto